000 00891na a2200253 4500
001 13320
003 MIRAKIL
005 20181213155128.0
008 161024b tu 000 0
035 _a13320
040 _aMilas
_btur
_cTR-AnCHP
041 _atur
082 _a303.409561
_bT96t 1996
090 _a303.409561 T96t 1997
111 _aTürkiye'yi Yeniden Düşünmek
_cAnkara
_d1996
245 _aTürkiye gönüllü kültür teşekkülleri 6. İstişare Toplantısı
_bTürkiye'yi Yeniden Düşünmek Sempozyumu, 22- 23 Haziran 1996, Ankara
_cyayına hazırlayan Aydın Ünal
260 _aAnkara
_bHak-İş
_c1997
300 _a335 s.
_c21 sm.
490 _aHAK-İŞ Eğitim yayınları
_v34
650 _aToplumsal değişim
_xTürkiye
_yToplantılar
650 _aSivil toplum kuruluşları (STK)
_xTürkiye
_yToplantılar
700 _aÜnal, Aydın
942 _2dcc
_cBKS
999 _c7118
_d7118